1202 1384 1806 1056 1655 1944 1055 1601 1516 1317 1492 1079 1052 1931 1035 1872 1139 1797 1876 1748 1584 1953 1682 1139 1499 1939 1702 1360 1075 1537 1481 1348 1665 1566 1999 1071 1005 1221 1577 1885 1817 1066 1841 1273 1717 1026 1219 1819 1519 1425 1698 1098 1520 1389 1680 1172 1096 1014 1666 1853 1097 1581 1253 1200 1783 1289 1122 1183 1706 1739 1847 1882 1150 1881 1183 1199 1613 1598 1179 1639 1424 1444 1315 1188 1201 1406 1839 1992 1184 1806 1605 1648 1785 1084 1043 1928 1651 1012 2000 BCNSPRNW ULIB Ver.6.0+V

เปลี่ยนเป็นภาษาไทย

Change to English
 แสดงรายละเอียดบรรณานุกรม
  กลับหน้าหลัก

Brief Record : Get Marc (ISO 2709) : E-mail record : QR code < ปิดหน้าต่าง
LEADER : 00000nam 2200000uu 4500
001    13399127495
003     ULIB
008    200617s2562||||th 000 0 tha d
020 ^- ^a9786163660602
050 ^- ^aนว^bด179ม
100 0^ aดวงตะวัน.
245 10 ^aมนตรารีรายา /ดวงตะวัน.
250 ^- ^aพิมพ์ครั้งที่ 1.
260 ^- ^aนนทบุรี :^bดวงตะวัน,^c2562
300 ^- ^a570 หน้า ;^c21 ซม.
945    ^p390^l0^i28401
999    ^aกัณชพร จุลอักษร
รายการนี้ยังไม่มีแท็ก
คุณยังไม่ได้ล็อกอิน คุณสามารถมีกิจกรรมร่วมกับเว็บไซต์ได้ แต่ต้องล็อกอินก่อน ::
  ล็อกอิน

รายการสื่อสารสนเทศ

ลำดับที่ ประเภท เลขเรียก/บาร์โค้ด สถานที่ สถานะ
1. นวนิยาย
นวนิยาย
นว ด179ม ฉ.1 
  Barcode: 28401
ห้องสมุดวิทยาเขตนครสวรรค์
►หนังสือทั่วไป:l:General Books
บนชั้น

รายการใกล้เคียง
    ชื่อเรื่อง [มนตรารีรายา /ดวงตะวัน.]

    ผู้แต่ง [aดวงตะวัน.]

BibComment


ยังไม่เคยถูกคอมเมนท์

คอมเมนท์ทรัพยากรรายการนี้
  คอมเมนท์: มนตรารีรายา ดวงต..


 Copyright 2026. Bcnsprnw @Library